LEADER 01095nam0-22002891i-450- 001 990000621300403321 005 20001010 035 $a000062130 035 $aFED01000062130 035 $a(Aleph)000062130FED01 035 $a000062130 100 $a20001010d--------km-y0itay50------ba 101 0 $aita 105 $ay-------001yy 200 1 $aINDAGINE SPERIMENTALE AL VERO SULL'INSTABILITA' ELASTO-PLASTICA DI DUE TELAI MULTIPIANI IN ACCIAIO,1966 - NOTAIII$eCONFRONTO FRA I RISULTATI SPERIMENTALI E TEORICI$fPAGANO M. - MAZZOLANI F.M. 210 $aNapoli$cI.T.C.$d1966 300 $aAtti dell'Istituto di Tecnica delle Costruzioni dell'Università di Napoli. 610 0 $aAtti ed estratti di Università ed Istituti Universitari Italiani. 700 1$aPagano,$bMichele$01538 801 0$aIT$bUNINA$gRICA$2UNIMARC 901 $aBK 912 $a990000621300403321 952 $a07 U/1409$b$fDINSC 959 $aDINSC 996 $aINDAGINE SPERIMENTALE AL VERO SULL'INSTABILITA' ELASTO-PLASTICA DI DUE TELAI MULTIPIANI IN ACCIAIO,1966 - NOTAIII$9316182 997 $aUNINA DB $aING01 LEADER 04182nam 2200637 a 450 001 9910457214503321 005 20200520144314.0 010 $a1-60086-605-0 010 $a1-60086-386-8 035 $a(CKB)2550000000072648 035 $a(EBL)3111507 035 $a(SSID)ssj0000565864 035 $a(PQKBManifestationID)12252125 035 $a(PQKBTitleCode)TC0000565864 035 $a(PQKBWorkID)10532992 035 $a(PQKB)10497360 035 $a(MiAaPQ)EBC3111507 035 $a(Au-PeEL)EBL3111507 035 $a(CaPaEBR)ebr10516611 035 $a(OCoLC)922978852 035 $a(EXLCZ)992550000000072648 100 $a19910130d1991 uy 0 101 0 $aeng 135 $aur|n|---||||| 181 $ctxt 182 $cc 183 $acr 200 10$aDynamics of deflagrations and reactive systems$b[electronic resource] $eheterogeneous combustion /$fedited by A.L. Kuhl ... [et al.] 210 $aWashington, D.C. $cAmerican Institute of Aeronautics and Astronautics$dc1991 215 $a1 online resource (407 p.) 225 1 $aProgress in astronautics and aeronautics ;$vv. 132 300 $a"Technical papers presented from the Twelfth International Colloquium on Dynamics of Explosions and Reactive Systems, Ann Arbor, Michigan, July 1989, and subsequently revised for this volume." 311 $a0-930403-96-7 320 $aIncludes bibliographical references and index. 327 $a""Cover""; ""Title""; ""Copyright""; ""Table of Contents""; ""Preface""; ""Chapter I. Combustion of Dust-Air Mixtures""; ""Deflagration and Detonation Combustion of Dust Mixtures""; ""Experiments on Unconfined Dust-Air Flames""; ""Critical Dust Layer Thickness for Combustion of Grain Dust""; ""Particle Segregation Effects on the Combustion Safety of Dust-Containing Systems""; ""Experimental Measurement of the Aerodynamic Entrainability of Dust Deposits""; ""Starch Dust Combustion Characteristics in a Closed Spherical Vessel"" 327 $a""Determination of Turbulence Parameters in Closed Explosion Vessels""""Numerical Study on Gas-Solid Two-Phase Nozzle and Jet Flow""; ""Chapter II. Droplet Combustion""; ""New Apparatus and its Performance for Free Droplet Combustion Under Microgravity""; ""Water-Gas Shift Reaction in Droplet Burning""; ""Liquid-Waste Incineration in a Parallel-Stream Configuration: Effect of Auxiliary Fuel""; ""Spray Dynamics and Fuel Vapor Distributions in a Spinning Combustion Chamber""; ""Ignition of Liquid Fuel Drops in Shock Waves""; ""Chapter III. Combustion At Solid and Liquid Surfaces"" 327 $a""Oxidation of a Porous Graphite Cylinder with Airflow Through a Coaxial Hole""""Premixed Flame in a Radiatively Active Porous Medium Under the External Radiant Heating""; ""Major Factors Influencing Flame Spreading Over Solid Fuel Layer""; ""Combustion Kinetic of a Homogeneous Double Base Propellant: Pseudo-Detailed and Global Mechanism""; ""Radiative Heat Flux and Energy Balance at the Surface of a Small Scale Kerosene Pool Fire""; ""Velocity and Temperature Measurements in a Bidimensional Pool Fire: Influence of a Vertical Wall Close to the Fire""; ""Chapter IV. Combustion Diagnostics"" 327 $a""Fluorescence Measurements in Laminar Nonpremixed Flames of CH4/N2""""Speckle Tomography of Unsteady Gasdynamic Objects""; ""Spectroscopic Measurements of Hydroxyl Radical in Axisymmetric Hydrogen-Air Diffusion Flames""; ""Re-Evaluation of Laser Schlieren Data for Acetylene Pyrolysis""; ""Author Index"" 410 0$aProgress in astronautics and aeronautics ;$vv. 132. 606 $aCombustion$vCongresses 606 $aGas dynamics$vCongresses 608 $aElectronic books. 615 0$aCombustion 615 0$aGas dynamics 676 $a629.1 s 676 $a541.3/61 701 $aKuhl$b A. L$023160 712 02$aAmerican Institute of Aeronautics and Astronautics. 712 12$aInternational Colloquium on Dynamics of Explosions and Reactive Systems 801 0$bMiAaPQ 801 1$bMiAaPQ 801 2$bMiAaPQ 906 $aBOOK 912 $a9910457214503321 996 $aDynamics of deflagrations and reactive systems$91985055 997 $aUNINA LEADER 03103oam 22005894 450 001 996214874103316 005 20230421032213.0 010 $a0-674-99537-6 035 $a(CKB)3820000000011983 035 $a(SSID)ssj0001417975 035 $a(PQKBManifestationID)11782137 035 $a(PQKBTitleCode)TC0001417975 035 $a(PQKBWorkID)11386576 035 $a(PQKB)10675351 035 $a(OCoLC)899735929 035 $a(MaCbHUP)hup0000588 035 $a(EXLCZ)993820000000011983 100 $a20141025d1998 my d 101 0 $aeng 135 $aurcn#||||| 181 $ctxt 182 $cc 183 $acr 200 10$aClouds$eWasps ; Peace /$fAristophanes ; edited and translated by Jeffrey Henderson 210 1$aCambridge, MA :$cHarvard University Press,$d2014. 215 $a1 online resource 225 1 $aLoeb Classical Library ; $v488 300 $aIncludes index. 330 $aAristophanes (c. 450-c. 386 BCE) has been admired since antiquity for his wit, fantasy, language, and satire. Socrates' "Thinkery" is at the center of Clouds, which spoofs untraditional techniques for educating young men. Wasps satirizes Athenian enthusiasm for jury service. Peace is a rollicking attack on war-makers.$bAristophanes of Athens (ca. 446-386 BCE), one of the world's greatest comic dramatists, has been admired since antiquity for his iridescent wit and beguiling fantasy, exuberant language, and brilliant satire of the social, intellectual, and political life of Athens at its height. He wrote at least forty plays, of which eleven have survived complete. In this new Loeb Classical Library edition of Aristophanes, Jeffrey Henderson presents a freshly edited Greek text and a lively, unexpurgated translation with full explanatory notes. Three plays are in Volume II of the new edition. Socrates' "Thinkery" is at the center of Clouds, which spoofs untraditional techniques for educating young men. Wasps satirizes Athenian enthusiasm for jury service and the law courts as well as the city's susceptibility to demagogues. In Peace, a rollicking attack on war-makers, the farmer-hero makes his famous trip to heaven on a dung beetle to discuss the issues with Zeus. 606 $aGreek drama (Comedy)$vTranslations into English 606 $aEnglish language$3(OCoLC)910920$2fast 606 $aGreek drama (Comedy)$3(OCoLC)947136$2fast 606 $aGreek drama$3(OCoLC)947127$2fast 606 $aJapanese language$3(OCoLC)981565$2fast 606 $aRhetoric$xStudy and teaching$3(OCoLC)1096971$2fast 606 $aWomen and religion$3(OCoLC)1177110$2fast 607 $aGreece$2fast 615 0$aGreek drama (Comedy) 615 7$aEnglish language 615 7$aGreek drama (Comedy) 615 7$aGreek drama 615 7$aJapanese language 615 7$aRhetoric$xStudy and teaching 615 7$aWomen and religion 700 $aAristophanes$0602827 702 $aHenderson$b Jeffrey$f1946- 801 0$bMaCbHUP 801 2$bTLC 906 $aBOOK 912 $a996214874103316 996 $aClouds$93088476 997 $aUNISA